000 00555nam a22001932 4500
001 0000004111
005 20170406115553.0
008 140815s xx 000 0 eng d
020 _c$
040 _aYour Holding Symbol
_cYour Holding Symbol
100 1 _aMatthiessen,F.O.
245 1 0 _aAmerican renaissance :
_bart and expression in the age of emerson and whitman.
250 _a ed.
260 _aNew york :
_bOxford,
_c1966.
300 _a678 p. ;
_c cm.
504 _aindex.
650 0 _aamerican literature.
908 _a140815
999 _c3952
_d3952